00341cam a22000977a 4500008004000000082001500040245008900055260005000144300001100194700003800205180718b1966 xxu||||| |||| 00| 0 eng d aK5x42 Un3c aTraining for commerce and the office: a reportcby Ministry of Labor, United Kingdom aLondonbHer Majesty's Stationery Officec1966 a139+p. aUnited Kingdom. Ministry of Labor